000 00670nam a2200253Ia 4500
003 OSt
005 20221006142633.0
006 a|||||r|||| 00| 0
007 ta
008 221006b |||||||| |||| 00| 0 eng d
020 _c1341.20
024 _a6,825
037 _cTextual
040 _aEASL
_cEASL
_beng
041 _2eng
_aeng
082 _aY:1.41.N8, M6
100 _aBOND Michael Harris Ed.
_9648052
245 0 _aPsychology of the Chinese people
260 _aNew York
_bOxford University
_c1986
300 _a354p.
_ccm.
650 _aCEL
942 _hY:1.41.N8, M6
_cTEXL
_2CC
999 _c1074911
_d1074911